MARC
| LEADER | 00000 a a2200000 04500 | ||
|---|---|---|---|
| 001 | 30490 | ||
| 003 | |||
| 040 | |||
| 090 | |a 195207 | ||
| 245 | |a Cono Sur | ||
| 260 | |a Costa Rica: |b IFE. FCE | ||
| 300 | |a 624 p.; vol 1 | ||
| 650 | |a PARTIDOS POLITICOS | ||
| 650 | |a ESTRUCTURA ORGANIZACIONAL | ||
| 650 | |a IDEOLOGIAS POLITICAS | ||
| 650 | |a LIDERAZGO POLITICO | ||
| 650 | |a IDEOLOGIAS POLITICAS | ||
| 999 | |c 10287 |d 10287 | ||
